000 01619cam a22004214i 4500
003 PE-LiUPU
005 20250731184552.0
008 150625s r 000 0 d
035 _a(Sirsi) a34291
040 _aPE-LiUPU
_bspa
_cPE-LiUPU
_erda
082 0 4 _a939
_bM91
_221
100 1 _aMuller, Max,
_eautor.
245 1 0 _aThoughts on life and religion /
_cMax Muller.
264 1 _aLondon :
_bConstable and Company,
_c1905.
336 _atext
_2rdacontent
337 _aunmediated
_2rdamedia
338 _avolume
_2rdacarrier
505 0 _aThe art of life. -The beautiful. -The bible. -Children. -Christ, the logos. -Christianity. -Death. -The deity. -The divine. -Doubts. -Evolution of Religion. -Faith. -The Fatherhood of God. -Future Life. -The infinite. -Knowledge. -Language. -Life. -Love. -The self. -Sorrow and suffering. -The soul. -Theosophy. -Truth. -The will of God. -Wonder. -Words. -Work. -The world.
526 _aP136
526 _aP135
526 _aP134
526 _aP133
526 _aP144
526 _aP143
526 _aP87
526 _aP35
526 _aP20
526 _aP14
526 _aP10
526 _aP06
650 0 4 _aReligión.
_95128
910 _a
942 _2ddc
_cBOOK
949 _a939 M91
_wDEWEY
_c1
_i11077
_lCCODEBUL1
_mBUL
_p00.00
_r0
_sY
_tBOOK
_u2015-06-25
_xBIBLIOTECA
_zUNKNOWN
_0COMPRA
_o.STAFF. Colección General
596 _a1
999 _a939 M91
_wDEWEY
_c42132
_i11077
_f2021-11-8
_g5
_lCCODEBUL1
_mBUL
_r0
_sY
_tBOOK
_u2015-6-25
_xBIBLIOTECA
_zUNKNOWN
_0COMPRA
_o.STAFF. Colección General
_d42132
980 _81
_gALBERTO SANCHEZ Responsable de Automatización